| 000 | 00903nac a22002531i 4500 | ||
|---|---|---|---|
| 003 | EG-ScBUE | ||
| 005 | 20231217142002.0 | ||
| 008 | 081020s1996 u af e 000 0cara d | ||
| 040 |
_aEG-ScBUE _bara _erda _cEG-ScBUE _dEG-ScBUE |
||
| 043 | _af-ua--- | ||
| 082 | 0 | 4 |
_a920.062 _222 _bأ ع ل |
| 245 | 0 | 0 |
_aأعلام مصر في القرن العشرين / _cرئيس التحرير مصطفى نجيب. |
| 250 | _aالطبعة الأولى. | ||
| 264 | 1 |
_aالقاهرة : _bوكالة أنباء الشرق الأوسط، _c1996. |
|
| 300 |
_a516 صفحة ؛ _c32 سم |
||
| 336 |
_2rdacontent _aنص _btxt |
||
| 337 |
_2rdamedia _aبدون وسيط _bn |
||
| 338 |
_2rdacarrier _aمجلد _bnc |
||
| 500 | _aيشتمل على كشافات. | ||
| 651 | 7 |
_aمصر _vتراجم _vدوائر معارف. _2BUEsh |
|
| 655 | _vReading book | ||
| 700 | 1 |
_aنجيب، مصطفى، _eمحرر. |
|
| 942 |
_cNB _2ddc |
||
| 999 |
_c8033 _d8033 |
||